Improving of growth, yield and quality of sweet pepper through application of biochar and compost mixture for increasing exports / (رقم التسجيلة. 179056)
[ عرض عادي ]
| 000 -LEADER | |
|---|---|
| fixed length control field | 04423namaa22004451i 4500 |
| 003 - CONTROL NUMBER IDENTIFIER | |
| control field | EG-GICUC |
| 005 - أخر تعامل مع التسجيلة | |
| control field | 20260412104822.0 |
| 008 - FIXED-LENGTH DATA ELEMENTS--GENERAL INFORMATION | |
| fixed length control field | 260315s2025 ua a|||frm||| 000 0 eng d |
| 040 ## - CATALOGING SOURCE | |
| Original cataloguing agency | EG-GICUC |
| Language of cataloging | eng |
| Transcribing agency | EG-GICUC |
| Modifying agency | EG-GICUC |
| Description conventions | rda |
| 041 0# - LANGUAGE CODE | |
| Language code of text/sound track or separate title | eng |
| Language code of summary or abstract | eng |
| -- | ara |
| 049 ## - Acquisition Source | |
| Acquisition Source | Deposit |
| 082 04 - DEWEY DECIMAL CLASSIFICATION NUMBER | |
| Classification number | 635 |
| 092 ## - LOCALLY ASSIGNED DEWEY CALL NUMBER (OCLC) | |
| Classification number | 635 |
| Edition number | 21 |
| 097 ## - Degree | |
| Degree | M.Sc |
| 099 ## - LOCAL FREE-TEXT CALL NUMBER (OCLC) | |
| Local Call Number | Cai01.07.14.M.Sc.2025.Mo.I |
| 100 0# - MAIN ENTRY--PERSONAL NAME | |
| Authority record control number or standard number | Mohamed Abd-ekkarim Adly, |
| Preparation | preparation. |
| 245 10 - TITLE STATEMENT | |
| Title | Improving of growth, yield and quality of sweet pepper through application of biochar and compost mixture for increasing exports / |
| Statement of responsibility, etc. | by Mohamed Abd-ekkarim Adly ; Supervisors Dr. Mohamed Mohamed Shahein, Dr. Hassan Ali Hassan, Dr. Sayed Osman Mahmoud. |
| 246 15 - VARYING FORM OF TITLE | |
| Title proper/short title | تحسين نمو وانتاج وجودة الفلفل الحلو من خلال اضافة البيوشار ومخلوط الكمبوست لزيادة الصادرات |
| 264 #0 - PRODUCTION, PUBLICATION, DISTRIBUTION, MANUFACTURE, AND COPYRIGHT NOTICE | |
| Date of production, publication, distribution, manufacture, or copyright notice | 2025. |
| 300 ## - PHYSICAL DESCRIPTION | |
| Extent | 95 pages : |
| Other physical details | illustrations ; |
| Dimensions | 25 cm. + |
| Accompanying material | CD. |
| 336 ## - CONTENT TYPE | |
| Content type term | text |
| Source | rda content |
| 337 ## - MEDIA TYPE | |
| Media type term | Unmediated |
| Source | rdamedia |
| 338 ## - CARRIER TYPE | |
| Carrier type term | volume |
| Source | rdacarrier |
| 502 ## - DISSERTATION NOTE | |
| Dissertation note | Thesis (M.Sc)-Cairo University, 2025. |
| 504 ## - BIBLIOGRAPHY, ETC. NOTE | |
| Bibliography, etc. note | Bibliography: pages 80-95. |
| 520 #3 - SUMMARY, ETC. | |
| Summary, etc. | This study investigated the effects of vermicompost, biochar, and <br/>compost on the growth, yield, and fruit quality of Sweet pepper plants under <br/>greenhouse conditions during two consecutive seasons. The treatments were as <br/>follows: T1 (100% vermicompost), T2 (75% vermicompost + 25% biochar), <br/>T3 (50% vermicompost + 50% biochar), T4 (50% biochar + 50% compost), T5 <br/>(75% compost + 25% biochar), and T6 (100% compost as control), Each <br/>treatment was arranged in three replicates. Results showed that vermicompost, <br/>either alone or integrated with biochar, significantly improved vegetative <br/>growth parameters (plant height, leaf area, and number of leaves). Moreover <br/>vermicompost treatments markedly increased fruit yield and improved fruit <br/>quality by elevating antioxidant compounds (total phenols, β-carotenoids, and <br/>ascorbic acid), while reducing nitrate accumulation in fruits. Although compost <br/>with biochar also produced positive effects, vermicompost-based treatments <br/>consistently outperformed all other treatments. These findings highlight <br/>the potential of vermicompost and biochar as sustainable and efficient organic <br/>amendments for sweet pepper production. By improving plant growth, boosting <br/>yield, and enriching fruit quality, these organic amendments provide <br/> promising alternatives to synthetic fertilizers, thereby supporting sustainable, <br/>environmentally friendly, and resource-efficient agriculture. |
| 520 #3 - SUMMARY, ETC. | |
| Summary, etc. | أُجريت الدراسة لتقييم تأثير الفيرمي كمبوست والبيوشار والكمبوست، سواء منفردة أو في خلطات مختلفة، على نمو وإنتاجية وجودة الفلفل خلال موسمين بالصوب. أظهرت النتائج أن الفيرمي كمبوست منفردًا أو مع البيوشار كان الأكثر فاعلية، حيث حسّن النمو الخضري ورفع المحصول الكلي ومكوناته، وزاد محتوى الفينولات والبيتا-كاروتين وحمض الأسكوربيك والمواد الصلبة الذائبة مع خفض النترات لمستويات آمنة. كما أوضحت النتائج أن معاملات الفيرمي كمبوست تفوقت بوضوح على باقي المعاملات في جميع الصفات المدروسة. وتؤكد هذه النتائج أن الفيرمي كمبوست يمثل نهجًا زراعيًا مستدامًا ويدعم تحسين النمو والإنتاجية والجودة. |
| 530 ## - ADDITIONAL PHYSICAL FORM AVAILABLE NOTE | |
| Issues CD | Issues also as CD. |
| 546 ## - LANGUAGE NOTE | |
| Text Language | Text in English and abstract in Arabic & English. |
| 650 #0 - SUBJECT ADDED ENTRY--TOPICAL TERM | |
| Topical term or geographic name entry element | Vegetable Crops |
| 650 #0 - SUBJECT ADDED ENTRY--TOPICAL TERM | |
| Topical term or geographic name entry element | خضر |
| 653 #1 - INDEX TERM--UNCONTROLLED | |
| Uncontrolled term | Vermicompost |
| -- | Biochar |
| -- | Sweet pepper |
| -- | Compost |
| -- | Growth |
| -- | Yield |
| -- | Fruit quality |
| -- | nitrate |
| 700 0# - ADDED ENTRY--PERSONAL NAME | |
| Personal name | Mohamed Mohamed Shahein |
| Relator term | thesis advisor. |
| 700 0# - ADDED ENTRY--PERSONAL NAME | |
| Personal name | Hassan Ali Hassan |
| Relator term | thesis advisor. |
| 700 0# - ADDED ENTRY--PERSONAL NAME | |
| Personal name | Sayed Osman Mahmoud |
| Relator term | thesis advisor. |
| 900 ## - Thesis Information | |
| Grant date | 01-01-2025 |
| Supervisory body | Mohamed Mohamed Shahein |
| -- | Hassan Ali Hassan |
| -- | Sayed Osman Mahmoud |
| Universities | Cairo University |
| Faculties | Faculty of Agriculture |
| Department | Department of Vegetable Crops |
| 905 ## - Cataloger and Reviser Names | |
| Cataloger Name | Shimaa |
| Reviser Names | Eman Ghareb |
| 942 ## - ADDED ENTRY ELEMENTS (KOHA) | |
| Source of classification or shelving scheme | Dewey Decimal Classification |
| Koha item type | Thesis |
| Edition | 21 |
| Suppress in OPAC | No |
| Source of classification or shelving scheme | Home library | Current library | Date acquired | Inventory number | Full call number | Barcode | Date last seen | Effective from | Koha item type |
|---|---|---|---|---|---|---|---|---|---|
| Dewey Decimal Classification | المكتبة المركزبة الجديدة - جامعة القاهرة | قاعة الرسائل الجامعية - الدور الاول | 15.03.2026 | 93591 | Cai01.07.14.M.Sc.2025.Mo.I | 01010110093591000 | 15.03.2026 | 15.03.2026 | Thesis |